Statistics for Marvel Movies by Stan Lee Cameo

Click here to take the quiz!

General Stats

  • This quiz has been taken 17 times
  • The average score is 30 of 39

Answer Stats

Answer% Correct
Captain America: Civil War (2016)
100%
Captain America: The First Avenger (2011)
100%
Doctor Strange (2016)
100%
Guardians of the Galaxy (2014)
100%
Iron Man (2008)
100%
Iron Man 2 (2010)
100%
Iron Man 3 (2013)
100%
Thor (2011)
100%
Guardians of the Galaxy vol. 2 (2017)
94%
Hulk (2003)
94%
Spider-Man (2002)
94%
Spider-Man: Homecoming (2017)
94%
The Avengers (2012)
94%
Avengers: Age of Ultron (2015)
88%
Avengers: Endgame (2019)
88%
Avengers: Infinity War (2018)
88%
Spider-Man 2 (2004)
88%
Thor: Ragnarok (2017)
88%
Captain America: The Winter Soldier (2014)
81%
Captain Marvel (2019)
81%
Spider-Man 3 (2007)
81%
Spider-Man: Into the Spider-Verse (2018)
81%
The Amazing Spider-Man (2012)
81%
Ant-Man (2015)
75%
The Incredible Hulk (2008)
75%
Fantastic Four (2005)
69%
Ant-Man and the Wasp (2018)
63%
Black Panther (2018)
63%
Daredevil (2003)
63%
The Amazing Spider-Man 2 (2014)
63%
X-Men (2000)
63%
Deadpool (2016)
56%
Thor: The Dark World (2013)
56%
X-Men: Apocalypse (2016)
56%
Big Hero 6 (2014)
50%
Fantastic Four: Rise of the Silver Surfer (2007)
50%
Venom (2018)
44%
X-Men: The Last Stand (2006)
44%
Man-Thing (2005)
31%

Score Distribution

Percentile by Number Answered

Percent of People with Each Score

Your Score History

You have not taken this quiz